Normal view
MARC view
- CONTROL THEORY, LINEAR SYSTEMS.LINEAR SYSTEM THEORY
Entry Topical Term
001 - CONTROL NUMBER
- control field: 61982
003 - CONTROL NUMBER IDENTIFIER
- control field: NUST
005 - DATE AND TIME OF LATEST TRANSACTION
- control field: 20210628202844.0
008 - FIXED-LENGTH DATA ELEMENTS
- fixed length control field: 210628|| aca||aabn | a|a d
040 ## - CATALOGING SOURCE
- Original cataloging agency: NUST
- Transcribing agency: NUST
150 ## - HEADING--TOPICAL TERM
- Topical term or geographic name entry element: CONTROL THEORY, LINEAR SYSTEMS.LINEAR SYSTEM THEORY
670 ## - SOURCE DATA FOUND
- Source citation: Work cat.: (NUST): Rugh, Wilson J 61981, Linear system theory, 1996
